Kinh tế và phân tích hoạt động kinh doanh thương mại

Giới thiệu hoạt động thương mại trong bối cảnh hội nhập kinh tế quốc tế. Những vấn đề cơ bản về phân tích hoạt động trong kinh doanh. Doanh thu và hoạt động xuất nhập khẩu của doanh nghiệp. Phân tích hoạt động thương mại nội địa của côn...

全面介紹

Đã lưu trong:
書目詳細資料
主要作者: Võ Thanh Thu (Chủ biên)
其他作者: Ngô Thị Hải Xuân
格式: 圖書
語言:Vietnamese
出版: Tp.HCM Tổng hợp thành phố Hồ Chí Minh 2011
主題:
標簽: 添加標簽
沒有標簽, 成為第一個標記此記錄!
Thư viện lưu trữ: Thư viện Trường Đại học Nam Cần Thơ
LEADER 02087aam a22002538a 4500
001 NCT_20678
008 160713s2016 ||||||viesd
999 |c 982  |d 982 
020 |c 70000 
082 0 4 |2 23rd ed.  |a 338.5  |b Th500 
100 1 |a Võ Thanh Thu   |e Chủ biên 
245 1 0 |a Kinh tế và phân tích hoạt động kinh doanh thương mại   |c Võ Thanh Thu (chủ biên); Ngô Thị Hải Xuân 
260 |a Tp.HCM  |b Tổng hợp thành phố Hồ Chí Minh  |c 2011 
300 |a 453tr.  |b Mô hình  |c 21cm 
520 3 |a Giới thiệu hoạt động thương mại trong bối cảnh hội nhập kinh tế quốc tế. Những vấn đề cơ bản về phân tích hoạt động trong kinh doanh. Doanh thu và hoạt động xuất nhập khẩu của doanh nghiệp. Phân tích hoạt động thương mại nội địa của công ty. Dự trữ hàng hoá trong hoạt động thương mại. Chi phí, lợi nhuận và hiệu quả kinh doanh thương mại. Vốn và nguồn gốc của doanh nghiệp thương mại  
653 |a Quản trị kinh doanh 
700 1 |a Ngô Thị Hải Xuân 
942 |2 ddc  |c BK 
952 |0 0  |1 0  |2 ddc  |4 0  |6 338_500000000000000_TH500  |7 0  |9 11457  |a 000001  |b 000001  |d 2018-06-22  |o 338.5 Th500  |p MD.06485  |r 2018-06-22  |v 70000.00  |w 2018-06-22  |y BK 
952 |0 0  |1 0  |2 ddc  |4 0  |6 338_500000000000000_TH500  |7 0  |9 11458  |a 000001  |b 000001  |d 2018-06-22  |o 338.5 Th500  |p MD.06486  |r 2018-06-22  |v 70000.00  |w 2018-06-22  |y BK 
952 |0 0  |1 0  |2 ddc  |4 0  |6 338_500000000000000_TH500  |7 0  |9 11459  |a 000001  |b 000001  |d 2018-06-22  |o 338.5 Th500  |p MD.06487  |r 2018-06-22  |v 70000.00  |w 2018-06-22  |y BK 
952 |0 0  |1 0  |2 ddc  |4 0  |6 338_500000000000000_TH500  |7 0  |9 11460  |a 000001  |b 000001  |d 2018-06-22  |l 1  |o 338.5 Th500  |p MD.06488  |r 2018-11-01  |s 2018-10-16  |v 70000.00  |w 2018-06-22  |y BK 
952 |0 0  |1 0  |2 ddc  |4 0  |6 338_500000000000000_TH500  |7 0  |9 11461  |a 000001  |b 000001  |d 2018-06-22  |o 338.5 Th500  |p MD.06489  |r 2018-06-22  |v 70000.00  |w 2018-06-22  |y BK 
980 |a Thư viện Trường Đại học Nam Cần Thơ